<?xml version="1.0" encoding="UTF-8"?>
<record
    xmlns:xsi="http://www.w3.org/2001/XMLSchema-instance"
    xsi:schemaLocation="http://www.loc.gov/MARC21/slim http://www.loc.gov/standards/marcxml/schema/MARC21slim.xsd"
    xmlns="http://www.loc.gov/MARC21/slim">

  <leader>00410nam a2200157Ia 4500</leader>
  <controlfield tag="008">230718s9999    xx            000 0 und d</controlfield>
  <datafield tag="041" ind1=" " ind2=" ">
    <subfield code="a">eng</subfield>
  </datafield>
  <datafield tag="082" ind1=" " ind2=" ">
    <subfield code="a">005.2'762</subfield>
    <subfield code="b">KUR</subfield>
  </datafield>
  <datafield tag="100" ind1=" " ind2=" ">
    <subfield code="a">Kurniawan B.</subfield>
    <subfield code="9">145852</subfield>
  </datafield>
  <datafield tag="245" ind1=" " ind2=" ">
    <subfield code="a">Struts Design And Programming </subfield>
    <subfield code="b">A Tutorial</subfield>
  </datafield>
  <datafield tag="260" ind1=" " ind2=" ">
    <subfield code="c">2006</subfield>
    <subfield code="b">Spd</subfield>
  </datafield>
  <datafield tag="300" ind1=" " ind2=" ">
    <subfield code="a">433</subfield>
  </datafield>
  <datafield tag="365" ind1=" " ind2=" ">
    <subfield code="c">Rs.</subfield>
    <subfield code="b">350.00</subfield>
  </datafield>
  <datafield tag="700" ind1=" " ind2=" ">
    <subfield code="a">Kurniawan B.</subfield>
    <subfield code="9">145852</subfield>
  </datafield>
  <datafield tag="906" ind1=" " ind2=" ">
    <subfield code="d">B:219112-Dec-2006</subfield>
    <subfield code="c">IT</subfield>
    <subfield code="b">70</subfield>
  </datafield>
  <datafield tag="999" ind1=" " ind2=" ">
    <subfield code="c">315658</subfield>
    <subfield code="d">315658</subfield>
  </datafield>
  <datafield tag="952" ind1=" " ind2=" ">
    <subfield code="0">0</subfield>
    <subfield code="1">0</subfield>
    <subfield code="4">0</subfield>
    <subfield code="7">0</subfield>
    <subfield code="a">CCEP</subfield>
    <subfield code="b">CCEP</subfield>
    <subfield code="d">2006-12-14</subfield>
    <subfield code="e">Pradeep Book Distributors</subfield>
    <subfield code="f">IT</subfield>
    <subfield code="g">280.00</subfield>
    <subfield code="i">2191</subfield>
    <subfield code="l">0</subfield>
    <subfield code="o">005.2'762</subfield>
    <subfield code="p">CCEP-BK-26865</subfield>
    <subfield code="r">2023-07-18 00:00:00</subfield>
    <subfield code="t">70</subfield>
    <subfield code="v">350.00</subfield>
    <subfield code="w">2006-11-24</subfield>
    <subfield code="y">BK</subfield>
    <subfield code="z">026865</subfield>
  </datafield>
</record>
